Catálogo

TEACHING ENGLISH PRONUNCIATION (Registro nro. 22576)

Detalles MARC
000 -LEADER
fixed length control field 00503nam a2200169 a 4500
001 - CONTROL NUMBER
control field 22576
005 - DATE AND TIME OF LATEST TRANSACTION
control field 20180713220508.0
008 - FIXED-LENGTH DATA ELEMENTS--GENERAL INFORMATION
fixed length control field 140415s1987 000 0 spa d
020 ## - INTERNATIONAL STANDARD BOOK NUMBER
International Standard Book Number 0582746213
041 ## - LANGUAGE CODE
Language code of text/sound track or separate title spa
082 ## - DEWEY DECIMAL CLASSIFICATION NUMBER
Classification number 428.07
Item number KEN
100 1# - MAIN ENTRY--PERSONAL NAME
Personal name KENWORTHY, JOANNE
245 10 - TITLE STATEMENT
Title TEACHING ENGLISH PRONUNCIATION
260 ## - PUBLICATION, DISTRIBUTION, ETC.
Place of publication, distribution, etc. [s.l.] :
Name of publisher, distributor, etc. LONGMAN GROUP,
Date of publication, distribution, etc. 1987
300 ## - PHYSICAL DESCRIPTION
Extent 164
650 14 - SUBJECT ADDED ENTRY--TOPICAL TERM
Topical term or geographic name entry element INGLES LENGUAJE
General subdivision ESTUDIO Y ENSEANZA
-- INGLES LENGUAJE
-- PRONUNCIACION
-- ESTUDIO Y ENSEANZA
Existencias
Withdrawn status Lost status Source of classification or shelving scheme Damaged status Not for loan Collection code Home library Current library Shelving location Date acquired Source of acquisition Inventory number Total Checkouts Full call number Barcode Date last seen Date last checked out Price effective from Koha item type
    Dewey Decimal Classification     General Biblioteca Karol Wojtyla Biblioteca Karol Wojtyla Sala general 03/12/2013 Compra 151000000000000000042125 1 428.07 KEN 43174 05/01/2026 08/08/2023 03/12/2013 Libro